| 000 | 00490nam a22001691a 4500 | ||
|---|---|---|---|
| 001 | 18240 | ||
| 003 | OSt | ||
| 005 | 20260204212356.0 | ||
| 008 | 170511s2008||||ck ||||||b||||||||||spa|| | ||
| 020 | _a9789586706483 | ||
| 082 | _a303.4833 C398t | ||
| 100 | _aChávarro, Luis Alfonso | ||
| 245 | _aTecnología, sociedad e información / Luis Alfonso Chávarro | ||
| 264 | _aColombia : Universidad del Valle | ||
| 650 | _aTECNOLOGÍA-SOCIEDAD 2.TECNOLOGÍA-COMUNICACIÓNÌ | ||
| 942 |
_2ddc _cBK |
||
| 999 |
_c18240 _d18240 |
||